Sympatické fórum umenia

Bibliographic Details
Main Author: Michalová, Eva, 1939- (Author)
Format: Article
Language:Slovak
Subjects:

MARC

LEADER 00000nab a2200000 a 4500
001 vtls000246312
003 SK-MaSNL
005 20260302210659.0
008 111130c1986 xo 0 slo
015 |a SNBRB19rr/mm-uuuuu 
035 |a CL0256426 
040 |a SNKBUCL  |b slo  |c SNKBUCL  |e AACR2 
041 0 |a slo 
044 |a xo  |c SK 
080 |a 78.091.4:785.11  |2 1981 
080 |a 785.11  |2 1981 
080 |a 785.7  |2 1981 
100 1 |a Michalová, Eva,  |d 1939-  |4 aut  |9 111068 
245 1 0 |a Sympatické fórum umenia  |c Eva Michalová 
650 0 7 |a Prehliadka slovenského koncertného umenia 1986, Žilina  |2 snkbucl  |9 934020 
651 7 |a 5313  |2 snkbucl  |9 893759 
655 7 |a články z novín a časopisov  |2 snkbucl  |9 267496 
773 0 |t Smer  |g Roč. 38, č. 112 (15. 5. 1986), s. 4 
850 |a Slovenská národná knižnica v Martine  |a MTA001 
852 |a SNK  |b KIS3GCP 
958 |a RK 
992 |a RBX 
999 |c 1483560  |d 1485490